Stručná pravidla kopané /

Hlavní autor: Friedrich, Zdeněk
Jazyk: Čeština
Vydáno: Praha : Sportovní a turistické nakladatelství, 1966
Témata:
Fyzický popis: 12 s.
Knihy
Uloženo v:
LEADER 00592nam a22001812a 4500
001 000151295
003 CZ BrMZK
005 19970107143423.0
008 970107s1966 xr f cze d
040 |a BOA001  |b cze 
100 1 |a Friedrich, Zdeněk  |7 ola2008434406 
245 1 0 |a Stručná pravidla kopané /  |c Zdeněk Friedrich. 
260 |a Praha :  |b Sportovní a turistické nakladatelství,  |c 1966 
300 |a 12 s. 
910 |a BOA001  |b PK-A-0011.285 
964 |a Kopaná - pravidla 
990 |a BK 
996 7 |b 3119951829  |c PK-A-0011.285  |l MZK  |r Sklad / do 1 hodiny  |n 0  |w 000151295  |u 000010  |a 1  |e BOA001  |j MZK50  |s A